• 首页
  • 本馆介绍
  • 公告通知
  • 最新文献
  • 馆藏检索
  • 电子资源
  • 读者导购
  • 参考咨询
  • 我的图书馆
  • 登录
  • 详细信息显示
  • 放入我的书架
  • 预约/预借图书
  • 作者相关作品
  • 分类相关作品
  • 丛书相关作品
  • 出版社相关作品

书目信息

  • 表格格式
  • 工作单格式
  • 卡片格式
题名:
泰国现代史纲
    
 
作者: 尼·瓦·烈勃里科娃 著 ;中国科学院世界历史研究所翻译小组 译
分册:  
出版信息: 北京   商务印书馆  1973.5
页数: 317页
开本: 20cm
丛书名:
单 册:
中图分类: K336.5
科图分类:
主题词: 东南亚--历史
电子资源:
ISBN:
000 00804nam0 2200241 45
001 0212190985
005 20031219104102.5
010    @dCNY0.98
091    @a11017.295
100    @a20021219d1973 km y0chiy0120 ea
101 0  @achi
105    @a z 000yy
200 1  @a泰国现代史纲@ATai Guo Xian Dai Shi Gang@e1918-1959@f(苏)尼·瓦·烈勃里科娃著@F(Su)Ni·Wa·Lie Bo Li Ke Wa Zhu@g中国科学院世界历史研究所翻译小组译
210    @a北京@c商务印书馆@d1973.5
215    @a317页@d20cm
300    @a内部参考读物
517    @a1918-1959
606 0  @a东南亚@x历史
690    @aK336.5@v3
701  0 @a尼·瓦·烈勃里科娃@4著
712 02 @a中国科学院世界历史研究所翻译小组@AZhong Guo Ke Xue Yuan Shi Jie Li ShiYan Jiu Suo Fan Yi Xiao Zu@4译
801    @aCN@bTSTC@c20021219
905    @f1@b219208@dK336.5@e2
    
    泰国现代史纲:1918-1959/(苏)尼·瓦·烈勃里科娃著/中国科学院世界历史研究所翻译小组译.-北京:商务印书馆,1973.5
    317页;20cm
    内部参考读物
    
    ISBN :CNY0.98
    
●
相关链接 在E读中查询图书 在五车中查询图书 在当当中查询图书 在豆瓣中查询图书


正题名:泰国现代史纲     索取号:K336.5/2         预约/预借

序号 登录号 条形码 馆藏地/架位号 状态 备注
1 0219208   001746668   第二样本阅览室/ [索取号:K336.5/2] 在馆    
唐山师范学院图书馆 欢迎您!
大连网信软件有限公司© 版权所有